000 00386nam a22001697a 4500
003 MPLRDC
005 20220104123537.0
008 210129b ||||| |||| 00| 0 eng d
082 _a414 MX
100 _a孟诜、张鼎撰
245 _a食疗本草
_c
250 _a一版二刷
260 _a
_b人民卫生出版社
_c1986
300 _b
650 _a
942 _cBK
_o414 MX
999 _c12262
_d12252